00713 a2200169 4500003000500000005001700005040000900022082001600031100003200047245012500079260004000204300001600244505021700260650001600477651001200493700003800505NUST20251118174357.0 cNust a621.382,SAL aSaleem, GC Avais ( TCC-15B) aDesign and implementation of cellular jammer /cGC Avais Saleem, GC Fasial Jawed ,GC Ali Shahbaz and GC Shehryar Jadoon aRawalpindibMCS (NUST)cMarch, 2007 avii, 77 p.; aGlobal System For Mobile Communication (Page-1), Introduction to Jamming (Page-15), Voltage Controlled Oscillator (Page-25), Sweep and Noise Generator (Page-34), RF Amplifier (PAge-38), Antenna Systems (Page-43). aUG Projects aTCC-15B aSupervised by Maj (R) Fazal Ahmed